Statistiken für Nennen Sie ein gültiges europäisches Land

Klicken Sie hier um das Quiz zu spielen!

Allgemein

  • Dieses Quiz wurde 4,119 mal gespielt
  • Das Durchschnittsergebnis liegt bei 16 aus 18

Antwortstatistiken

Nennen Sie ein europäisches Land, das ... Antwortmöglichkeiten Antwort % Korrekt
in den Alpen liegtDeutschland | Frankreich | Italien | Liechtenstein | Österreich | Schweiz | SlowenienDeutschland | Frankreich | Italien | Liechtenstein | Österreich | Schweiz | Slowenien
100%
an Russland grenztEstland | Finnland | Lettland | Litauen | Norwegen | Polen | Ukraine | WeißrusslandEstland | Finnland | Lettland | Litauen |
Norwegen | Polen | Ukraine | Weißrussland
99%
am ersten Eurovision Song Contest teilgenommen hatBelgien | Deutschland | Frankreich | Italien | Luxemburg | Niederlande | SchweizBelgien | Deutschland | Frankreich | Italien | Luxemburg | Niederlande | Schweiz
98%
ein Inselstaat istIrland | Island | Malta | Vereinigtes KönigreichIrland | Island | Malta | Vereinigtes Königreich
97%
von der Donau durchfloßen wirdBulgarien | Deutschland | Kroatien | Moldawien | Österreich | Rumänien | Serbien | Slowakei | Ukraine | UngarnBulgarien | Deutschland | Kroatien | Moldawien |
Österreich | Rumänien | Serbien | Slowakei | Ukraine | Ungarn
97%
nicht in der Europäischen Union istAlbanien | Andorra | Bosnien und Herzegowina | Island | Kosovo | Liechtenstein | Moldawien | Monaco | Montenegro | Nordmazedonien | Norwegen | Russland | San Marino | Serbien | Schweiz | Ukraine | Vatikanstadt | Weißrussland Vereinigtes KönigreichAlbanien | Andorra | Bosnien und Herzegowina | +16 andere
96%
weniger als 100'000 Menschen hatAndorra | Liechtenstein | Monaco | San Marino | VatikanstadtAndorra | Liechtenstein | Monaco | San Marino | Vatikanstadt
96%
einen 'K' in seinem Namen enthältDänemark | Frankreich | Kosovo | Kroatien | Slowakei | Ukraine | Vatikanstadt | Vereinigtes KönigreichDänemark | Frankreich | Kosovo | Kroatien | Slowakei |
Ukraine | Vatikanstadt | Vereinigtes Königreich
95%
kein Rot in seiner Nationalflagge besitztBosnien und Herzegowina | Estland | Finnland | Griechenland | Irland | Kosovo | San Marino | Schweden | UkraineBosnien und Herzegowina | Estland | Finnland | Griechenland |
Irland | Kosovo | San Marino | Schweden | Ukraine
93%
mehr als ein Wort enthältBosnien und Herzegowina | San Marino | Vereinigtes KönigreichBosnien und Herzegowina | San Marino | Vereinigtes Königreich
92%
eine durchschnittliche Höhe unter 100m hatDänemark | Estland | Lettland | Monaco | Niederlande | VatikanstadtDänemark | Estland | Lettland | Monaco | Niederlande | Vatikanstadt
89%
eine Lebenserwartung unter 75 Jahren hatBulgarien | Lettland | Litauen | Moldawien | Rumänien | Russland | Ukraine | WeißrusslandBulgarien | Lettland | Litauen | Moldawien |
Rumänien | Russland | Ukraine | Weißrussland
84%
nicht in der NATO istAndorra | Bosnien und Herzegowina | Finnland | Irland | Kosovo | Liechtenstein | Malta | Moldawien | Monaco | Nordmazedonien | Österreich | Russland | San Marino | Serbien | Schweden | Schweiz | Ukraine | Vatikanstadt | WeißrusslandAndorra | Bosnien und Herzegowina | Finnland | +16 andere
82%
eine Hauptstadt mit vier Buchstaben besitztLettland | Norwegen | Österreich | Schweiz | Tschechien | UkraineLettland | Norwegen | Österreich | Schweiz | Tschechien | Ukraine
80%
Französisch als Amtssprache hat (ohne Frankreich)Belgien | Luxemburg | Monaco | SchweizBelgien | Luxemburg | Monaco | Schweiz
77%
nach 2000 der Eurozone beigetreten istEstland | Griechenland | Lettland | Litauen | Malta | Slowakei | SlowenienEstland | Griechenland | Lettland | Litauen | Malta | Slowakei | Slowenien
73%
zu mehr als der Hälfte bewaldet istEstland | Finnland | Lettland | Montenegro | Schweden | SlowenienEstland | Finnland | Lettland | Montenegro | Schweden | Slowenien
68%
einen Internet-User-Anteil von mind. 97,5% der Bevölkerung hatEstland | Island | Liechtenstein | NorwegenEstland | Island | Liechtenstein | Norwegen
66%

Verteilung der Resultate

Perzentil nach korrekt beantworteten Fragen

Anzahl Personen mit jedem Resultat

Ihre Resultats-Entwicklung

Sie haben dieses Quiz noch nicht gespielt